Najsmutniejsze państwa w 2023 roku - Statystyki

Ogólne statystyki
  • Ten quiz został rozwiązany 53 razy
  • Średni wynik to 10 z 25
Statystyki odpowiedzi
Kontynent Państwa % Poprawnych
Azja Afganistan
67%
Azja Indie
60%
Azja Bangladesz
53%
Afryka Kongo
53%
Afryka Czad
49%
Afryka Zimbabwe
47%
Afryka Uganda
44%
Afryka Zambia
44%
Afryka Egipt
42%
Afryka Etiopia
42%
Azja Kambodża
40%
Azja Liban
40%
Afryka Mali
40%
Azja Mjanma
37%
Afryka Tanzania
37%
Afryka Botswana
35%
Afryka Togo
35%
Afryka Benin
33%
Afryka Liberia
30%
Afryka Madagaskar
30%
Afryka Malawi
30%
Afryka Sierra Leone
30%
Azja Jordania
28%
Azja Sri Lanka
21%
Afryka Komory
16%
Nie znaleziono quizów pasujących do podanych kryteriów
Rozkład punktacji
Procent ludzi z każdym wynikiem
Percentyl według liczby udzielonych odpowiedzi
Twoja historia wyników
Nie rozwiązałeś tego quizu